Città più popolose Umbria - Statistics

Statistiche generali
  • Questo quiz è stato fatto 130 volte
    48 dall'ultimo reset
  • Il punteggio medio è 7 su 10
Statistiche sulle risposte
Popolazione Provincia Città % Corretto
162 492 Perugia Perugia
100%
106 389 Terni Terni
100%
39 574 Perugia Spoleto
84%
28 143 Perugia Assisi
78%
21 130 Terni Orvieto
78%
58 162 Perugia Foligno
76%
32 998 Perugia Gubbio
70%
40 567 Perugia Città di Castello
54%
21 800 Perugia Bastia Umbra
22%
21 555 Perugia Corciano
19%
Nessun quiz corrispondente trovato
Distribuzione punteggi
Percentuale di utenti per punteggio
Percentile per numero di risposta
I tuoi punteggi nel tempo
Non hai fatto questo quiz dall'ultimo reset